00904 2200241 4500001002100000005001500021035002000036007000300056008004100059020002300100082001000123084001600133100001700149245003000166250002600196260003100222300004700253650001200300700001600312700001200328520030600340990001600646INLIS00000000000002920220514090818 a0010-0522000011ta220514 b 0 ind  a9789-602-298-782-6 a372.2 a372.2 IRE d0 aIrene M.J.A.1 aDiriku 1a /cIrene M.J.A. aKurikulum 2013 Revisi aJakarta :bErlangga,c2016 a120 halaman :bilustrasi berwarna ;c26 cm 4aTematik0 aDwi Tyas U.0 aWini K. aBelajar merupakan kegiatan yang menyenangkan. Pengetahuanmu akan bertambah, keterampilanmu akan berkembang, dan sikapmu akn terbentuk dengan belajar. Melalui sumber belajar TEMATIK TERPADU yang disusun berdasarkan Kurikulum 2013 Revisi, kamu diajak untuk mengikuti proses pembelajaran tematik terpadu. a00000000027